000 00571nam a2200229Ia 4500
003 OSt
005 20220924132843.0
006 a|||||r|||| 00| 0
007 ta
008 220923b |||||||| |||| 00| 0 urd d
024 _a251948
037 _cTextual
040 _aARTS
_cARTS
_burd
041 _2urd
_aurd
082 _aO168,3L26,11, P4
100 _aBeg Haamid
_9205171
245 0 _aBagh o bahar
_b Mirza
260 _c2004
650 _aURDU LITERATURE
942 _hO168,3L26,11, P4
_cTEXL
_2CC
999 _c431812
_d431812